Southville International School and Colleges
Your cart is empty.
  • Cart
  • Lists
    Public lists Eva Luna New books Lux_list list_1
    Your lists Log in to create your own lists
  • Log in to your account
  • Your cookies
  • Search history
Southville International School and Colleges
  • Advanced search
  • Recent comments
  • Most popular
  • Libraries

Log in to your account

Log in with GOOGLE


If you do not have an external account, but do have a local account, you can still log in:

  1. Home
  2. MARC view: Benjamin goes to hospital :
Normal view MARC view ISBD view

Benjamin goes to hospital : (Record no. 102678)

[ view plain ]
MARC details
000 -LEADER
fixed length control field 00670nam a2200169 a 4500
005 - DATE AND TIME OF LATEST TRANSACTION
control field 20140412111240.0
008 - FIXED-LENGTH DATA ELEMENTS--GENERAL INFORMATION
fixed length control field 010426s19uu xx 00 eng d
020 ## - INTERNATIONAL STANDARD BOOK NUMBER
International Standard Book Number 0-7302-0574-6
050 ## - LIBRARY OF CONGRESS CALL NUMBER
Classification number TR(PS E
Item number Be43 1991
100 ## - MAIN ENTRY--PERSONAL NAME
Personal name Lipson, Dr. Tony
245 ## - TITLE STATEMENT
Title Benjamin goes to hospital :
Remainder of title an introduction to hospital for children and parents /
Statement of responsibility, etc by Dr. Tony Lipson and the staff of the Royal Alexandra Hospital for Children; illustrated by Bruce Treloar.
260 ## - PUBLICATION, DISTRIBUTION, ETC. (IMPRINT)
Place of publication, distribution, etc Sydney :
Name of publisher, distributor, etc Golden Press,
Date of publication, distribution, etc 1991.
300 ## - PHYSICAL DESCRIPTION
Extent 1v. (unp.) ; ill.
650 ## - SUBJECT ADDED ENTRY--TOPICAL TERM
Topical term or geographic name as entry element Hospitals-Juvenile literature
650 ## - SUBJECT ADDED ENTRY--TOPICAL TERM
Topical term or geographic name as entry element Children-Preparation for medical care-Juvenile literature
Holdings
Withdrawn status Lost status Damaged status Home library Current library Shelving location Date acquired Source of acquisition Total Checkouts Full call number Barcode Date last seen Price effective from Koha item type
      Elizalde Library Elizalde Library Teachers Reference Section 05/23/2001     TR(PS E Be43 1991 E2485 04/12/2014 04/12/2014 Books

Benjamin goes to hospital :

APA

Lipson D. T., . (1991). Benjamin goes to hospital. Sydney: Golden Press.

Chicago

Lipson Dr Tony, . 1991. Benjamin goes to hospital. Sydney: Golden Press.

Harvard

Lipson D. T., . (1991). Benjamin goes to hospital. Sydney: Golden Press.

MLA

Lipson Dr Tony, . Benjamin goes to hospital. Sydney: Golden Press. 1991.

  • Place hold
  • Print
  • Cite
  • Add to your cart (remove)
  • Save record
    BIBTEX Dublin Core MARCXML MARC (non-Unicode/MARC-8) MARC (Unicode/UTF-8) MARC (Unicode/UTF-8, Standard) MODS (XML) RIS
  • More searches
    Search for this title in:
    Other Libraries (WorldCat) Other Databases (Google Scholar) Online Stores (Bookfinder.com) Open Library (openlibrary.org)

Exporting to Dublin Core...

SOUTHVILLE LIBRARY

Southville International School and Colleges Library

1281 Tropical Ave. Cor. Luxembourg St., BF Homes International, Las Pinas City

Tel. No. 8256374 / 252358 Loc. 117/146

Powered by Koha